000
00308pam a2200133 a 4500
020
_c
041
_h
082
_a
750
_b
HOS
100
_a
Ranjit Hoskote .
245
_a
Sudhir Patwardhan The Complicit Observer
_h
Textual Documents
260
_a
[s.l]:
_b
[s.n].
300
_a
205:
_b
Hard.
930
_a
7208
999
_c
240998
_d
240998